|
|
|
|
| LEADER |
01217nam a2200385 a 4500 |
| 001 |
koha11021 |
| 003 |
AR-EnULPH |
| 005 |
20250703175552.0 |
| 007 |
ta |
| 008 |
950101s1951 mx f g 000 0 spa d |
| 025 |
|
|
|a 17666
|q localID
|
| 024 |
8 |
0 |
|a 007117
|
| 040 |
|
|
|a AR-EnULPH
|b spa
|c AR-EnULPH
|
| 080 |
1 |
|
|a 75.034(45)
|2 1991
|
| 100 |
1 |
|
|a Encina, Juan de la
|9 50065
|
| 245 |
1 |
0 |
|a La pintura italiana del renacimiento /
|c Juan de la Encina.
|
| 250 |
|
|
|a 2a. ed.
|
| 260 |
|
|
|a México :
|b FCE,
|c 1951.
|
| 300 |
|
|
|a 293 p., [30] p. de láms. byn
|
| 490 |
0 |
|
|a Breviarios ;
|v 9
|
| 600 |
1 |
|
|a Leonardo, da Vinci
|9 43927
|
| 600 |
1 |
|
|a Bounarroti, Michelangelo
|9 50067
|
| 600 |
1 |
|
|a Rafael, de Sanzio
|9 47535
|
| 690 |
1 |
4 |
|a Artes
|9 817
|
| 650 |
2 |
4 |
|a Pintura
|9 17789
|
| 650 |
2 |
4 |
|a Renacimiento
|9 14972
|
| 650 |
2 |
4 |
|a Estilos artísticos
|9 20761
|
| 650 |
2 |
4 |
|a Obras de arte
|9 15339
|
| 650 |
2 |
4 |
|a Artistas
|9 17832
|
| 651 |
|
4 |
|a Italia
|9 4843
|
| 651 |
|
4 |
|a Florencia
|9 30765
|
| 942 |
|
|
|c BK
|
| 934 |
|
|
|a 007117
|
| 952 |
|
|
|0 0
|1 0
|2 udc
|4 0
|6 7503445_ENC
|7 0
|9 14845
|a DHU
|d 1995-05-02
|i 17666
|l 0
|o 75.034[45] ENC
|p 17666
|r 2023-12-29 00:00:00
|w 2022-08-03
|x Encuadernación E
|y BK
|k 10
|b COLECCION ABIERTA PLANTA BAJA
|
| 999 |
|
|
|c 11021
|d 11021
|